Před deseti lety byly noviny nudnější a šedivější

Zmeny vo vývoji českých novín za posledných desať rokov. Odštátnenie novín, odtrhnutie sa od politického etablišmentu a orientácia na čitateľa. Slabá stránka - provincionalizmus. Zvýšenie kvality a konkurenčný internet.

Salvato in:
Dettagli Bibliografici
Autore principale: Šafr, Pavel
Natura: Capitolo di libro
Lingua:ceco
Soggetti:
Tags: Aggiungi Tag
Nessun Tag, puoi essere il primo ad aggiungerne!!

MARC

LEADER 00000naa$a2200000$$$4500
001 0067688
005 20231016105744.2
041 0 |a cze 
044 |a CZ 
245 1 0 |a Před deseti lety byly noviny nudnější a šedivější  |c Pavel Šafr 
520 |a Zmeny vo vývoji českých novín za posledných desať rokov. Odštátnenie novín, odtrhnutie sa od politického etablišmentu a orientácia na čitateľa. Slabá stránka - provincionalizmus. Zvýšenie kvality a konkurenčný internet. 
610 2 0 |a tlač 
610 2 0 |a noviny 
610 2 0 |a transformácia 
610 2 0 |a demokracia 
610 2 0 |a politika 
610 2 0 |a informácie 
610 2 0 |a marketing 
610 2 0 |a Česko 
100 1 |a Šafr, Pavel